书目信息 |
| 题名: |
共产党宣言是怎样差生的
|
|
| 作者: | 马克思 , 恩格斯 著 ;北京对外贸易学院德语教研组 注释 | |
| 分册: | ||
| 出版信息: | 北京 商务印书馆 1975 |
|
| 页数: | 151页 | |
| 开本: | 19cm | |
| 丛书名: | ||
| 单 册: | ||
| 中图分类: | H339.4 , A811 | |
| 科图分类: | ||
| 主题词: | 马恩著作--学习 , 马恩著作研究--注释读物 | |
| 电子资源: | ||
| ISBN: | ||
| 000 | 00870nam0 2200277 45 | |
| 001 | 1540220008 | |
| 005 | 20150121111105.98 | |
| 010 | @dCNY0.30 | |
| 100 | @a19951011d1975 em y0chiy0121 ea | |
| 101 | 2 | @achi@ager |
| 102 | @aCN@b110000 | |
| 105 | @ay z 000yy | |
| 200 | 10 | @a共产党宣言是怎样差生的@Agong chan dang xuan yan shi zen yang cha sheng de@f马克思,恩格斯著@g北京对外贸易学院德语教研组注释 |
| 210 | @a北京@c商务印书馆@d1975 | |
| 215 | @a151页@d19cm | |
| 300 | @a书后附有德汉对照词汇表 | |
| 606 | @a马恩著作@x学习 | |
| 606 | 0 | @a马恩著作研究@x注释读物 |
| 690 | @aH339.4@v3 | |
| 690 | @aA811@v4 | |
| 701 | 1 | @a马克思@Ama ke si@4著 |
| 701 | 1 | @a恩格斯@Aen ge si@4著 |
| 712 | 02 | @a北京对外贸易学院德语教研组@Abei jing dui wai mao yi xue yuan de yu jiao yan zu@4注释 |
| 801 | 0 | @aCN@bTSSF@c20150121 |
| 801 | 2 | @aCN@bNLC |
| 905 | @aZUCC@dA811@eJY21 | |
| 共产党宣言是怎样差生的/马克思,恩格斯著/北京对外贸易学院德语教研组注释.-北京:商务印书馆,1975 |
| 151页;19cm |
| 书后附有德汉对照词汇表 |
| ISBN :CNY0.30 |
| ● |
| 相关链接 |
|
|
|
|
正题名:共产党宣言是怎样差生的
索取号:A811/JY21
 
预约/预借
| 序号 | 登录号 | 条形码 | 馆藏地/架位号 | 状态 | 备注 |
| 1 | 7856669 | 278566696 | 学院路分馆/ [索取号:A811/JY21] | 在馆 |